000 00456cam a2200181ua 4500
003 OSt
005 20260221113422.0
008 260221b |||||||| |||| 00| 0 eng d
041 _aeng
082 _a630.154
_bAMA/AG
100 _aAmarjit, Singh .
_97885
245 _aAgricultural problems in India /
250 _a1 /
260 _aMumbai :
_bHimalaya publishing house ,
_c1986.
300 _a386 ; .
700 1 _aSadhu, A N .
_97886
942 _cBK
999 _c7172
_d7172